000 01058nam a22003377a 4500
001 BR2017001136
003 BR-BrBNA
005 20230928105103.0
007 ta
008 230509b bl.||||| |||| 00| 0 por d
040 _aBR-BrBNA
_bpor
_cBiblioteca Nacional de Agricultura
041 _a(Por)
072 _aF30
_b0230
090 _ 0230 BR2017001136
100 1 _aSouza, M.S.X. de A.
110 1 _aUniversidade Federal de Lavras, MG (Brasil)
_0Tese (Mestrado)
245 1 _aAdaptabilidade e estabilidade de genótipos de cana-de-açúcar nos estados de Goiás e Minas Gerais pelo método GGEbiplot
260 3 _aLavras, MG (Brasil):
_c2015.
300 _a67 p.
500 _aSummaries (Eng, Por); Bibliography p. 60-67; 10 illus.; 12 tables
650 _aCANA DE AÇÚCAR
650 _aCERRADO
650 _aMELHORAMENTO GENÉTICO VEGETAL
650 _aGENÓTIPO
650 _aINTERAÇÃO GENÉTICA
650 _aADAPTAÇÃO
650 _aGOIÁS
650 _aMINAS GERAIS
909 _a202309
_bLucia
_c55
_dLucia Elande
942 _cBK
999 _c83346
_d83346